The Oxford handbook of fascism

Titel: The Oxford handbook of fascism / ed. by R. J. B. Bosworth
Beteiligt:
Veröffentlicht: Oxford : Oxford University Press, 2009
Umfang: XIII, 626 Seiten
Format: Buch
Sprache: Englisch
Schriftenreihe/
mehrbändiges Werk:
Oxford handbooks in history
RVK-Notation:
Schlagworte:
ISBN: 9780199291311
Buchumschlag
X
alg: 20880191
001A    $00030:04-02-09 
001B    $01999:15-02-25 $t20:20:59.000 
001D    $00004:20-03-09 
001U    $0utf8 
001X    $00 
002@    $0Aau 
002C    $aText $btxt $2rdacontent 
002D    $aohne Hilfsmittel zu benutzen $bn $2rdamedia 
002E    $aBand $bnc $2rdacarrier 
003@    $020880191X 
003O    $0267051572 $aOCoLC 
004A    $A978-0-19-929131-1 
006A    $02008046283 
007A    $0584304498 $aGBV 
007T    $0Herdc0064305m 
009P    $qapplication/pdf $A2 $3Inhaltsverzeichnis $uhttp://scans.hebis.de/HEBCGI/show.pl?20880191_toc.pdf $mV:DE-605 
010@    $aeng 
011@    $a2009 
013D    $#Beiträge Formschlagwort $#Einzelbeiträge $#Sammelwerk Formschlagwort $74143413-4 $8Aufsatzsammlung [Ts1] $9085562742 
021A    $aThe @Oxford handbook of fascism $hed. by R. J. B. Bosworth 
028C    $BHerausgeber $#Bosworth, R. J. B. $#Bosworth, Richard James Boon $#Bosworth, Richard J. $#Bosworth, R. $#Bosworth, R. J. $#Boon Bosworth, Richard James $#Bosworth, R.J.B. $#Bosworth, Richard J. B. $#Bosworth, Richard $4edt $7131732609 $8Bosworth, R. J. B.$Z1943- [Tp1] $9178808873 
033A    $pOxford $nOxford University Press 
034D    $aXIII, 626 Seiten 
036G    $aOxford handbooks in history 
037A    $aLiteraturangaben 
039U    $aRezensiert in $8--Aox--Schieder, Wolfgang$Z1935- [Tp1]. The @Oxford handbook of fascism. - Oxford {[u.a.] : Oxford Univ. Press. -  2009 [Rezension], 2011 $9395006856 
044K    $#Abendland $#Okzident $74015701-5 $8Europa [Tgz] $908503617X 
044K    $RIdeologie $RRechtsradikalismus $RAntifaschismus $RFaschist $#Fascism $#Fascisme $#Fascismo $#Faschismus $74016494-9 $8Faschismus [Ts1] $9085038679 
045A    $aD726.5 
045B    $a335.6094 
045R    $aGeschichte 
045Z    $8NK 6870 [Tkv] $9410891142 

lok: 20880191 3
101B    $022-04-09 $t15:31:13.000 
101C    $022-04-09 
101U    $0utf8 
145S/01 $a039 

exp: 20880191 3 1 #EPN
201B/01 $026-09-22 $t12:18:39.000 
201C/01 $015-04-09 
201U/01 $0utf8 
203@/01 $0573613567 
208@/01 $a15-04-09 $bzCh 
209A/01 $a02/NK 6870 B747 $du $f330 $h02 NK 6870 B747 $x00 
209B/01 $a4401 $x05 
209C/01 $aBzG-2009/1995 
209G/01 $a1003126128 $x00 
247C/01 $8601330-2 <30/330>Frankfurt, Universitätsbibliothek J. C. Senckenberg, Bibliothekszentrum Geisteswissenschaften (BzG) $9102599378 

lok: 20880191 23

exp: 20880191 23 1 #EPN
201B/01 $019-05-09 $t08:40:19.000 
201C/01 $009-04-09 
201U/01 $0utf8 
203@/01 $0573395721 
208@/01 $a19-05-09 $bz 
209A/01 $a25 pol H 3 OXF $du $f024 $hPOL H 3 OXF $x00 
209G/01 $a25323670 $x00 
247C/01 $8352024-9 <34/24>Kassel, UB Kassel, Standort Holländischer Platz $9102599459 

lok: 20880191 78

exp: 20880191 78 1 #EPN
201B/01 $019-04-17 $t14:58:49.000 
201U/01 $0utf8 
203@/01 $0791931641 
208@/01 $a12-11-16 $be 
209A/01 $a/ $f000 $x00 
220C/01 $aTitelaufnehmer: pg 
220C/01 $aHerkunft: HI Marburg 
237A/01 $aweiterführende Signatur(en): <4> UB Marburg: Wp 2009/0156 
244Z/01 $2Trx $#fašism $#fašizmas $#fascism $#fasizmus $#faszyzm $#fašizmus $#fašismus $8--Trx--Faschismus $x01 $9391367218 
244Z/01 $2Trx $#dzieło zbiorowe $8--Trx--Sammelwerk $x02 $9391384597 
247C/01 $82080>Marburg/Lahn, Herder-Institut, Forschungsbibliothek, Bibliographieportal $9336309341 

lok: 20880191 205

exp: 20880191 205 1 #EPN
201B/01 $001-04-09 $t14:24:29.000 
201C/01 $005-03-09 
201U/01 $0utf8 
203@/01 $0568202562 
208@/01 $a20-03-09 $bz 
209A/01 $aWp 2009/0156 $du $f000 $x00 
209C/01 $anel0904wp 
209G/01 $a51296443 $x00 
247C/01 $8351000-1 <4>Marburg, Universität Marburg, Universitätsbibliothek $9102594767
LEADER 00000cam a2200000 c 4500
001 20880191X
003 DE-603
005 20250215202059.0
007 tu
008 090204s2009 xx |||| | u00||u|eng c
010 |a 2008046283 
020 |a 9780199291311 
035 |a (DE-599)GBV584304498 
035 |a (OCoLC)267051572 
040 |a DE-603  |b ger  |c DE-603  |d DE-603 
041 |a eng 
050 0 |a D726.5 
082 7 |a 335.6094 
084 |a NK 6870  |0 (DE-625)126145:  |0 (DE-603)410891142  |2 rvk 
245 0 0 |a ˜Theœ Oxford handbook of fascism  |c ed. by R. J. B. Bosworth 
264 1 |a Oxford  |b Oxford University Press  |c 2009 
300 |a XIII, 626 Seiten 
336 |a Text  |b txt  |2 rdacontent 
337 |a ohne Hilfsmittel zu benutzen  |b n  |2 rdamedia 
338 |a Band  |b nc  |2 rdacarrier 
490 0 |a Oxford handbooks in history 
500 |a Literaturangaben 
648 7 |a Geschichte  |2 gnd 
650 7 |a Faschismus  |0 (DE-588)4016494-9  |0 (DE-603)085038679  |2 gnd 
651 7 |a Europa  |0 (DE-588)4015701-5  |0 (DE-603)08503617X  |2 gnd 
655 7 |a Aufsatzsammlung  |2 gnd-content  |0 (DE-588)4143413-4  |0 (DE-603)085562742 
700 1 |a Bosworth, R. J. B.  |d 1943-  |e Herausgeber  |4 edt  |0 (DE-603)178808873  |0 (DE-588)131732609  |2 gnd 
787 0 8 |i Rezensiert in  |a Schieder, Wolfgang, 1935-  |t ˜Theœ Oxford handbook of fascism. - Oxford ˜[u.a.] œ: Oxford Univ. Press. - 2009 [Rezension]  |w (DE-603)395006856 
856 4 2 |m V:DE-605  |q application/pdf  |u http://scans.hebis.de/HEBCGI/show.pl?20880191_toc.pdf  |3 Inhaltsverzeichnis 
924 0 |9 30/330  |a (DE-603)573613567  |b DE-30-330  |c HES  |d d  |g 02/NK 6870 B747 
924 0 |9 34/24  |a (DE-603)573395721  |b DE-34-24  |c HES  |d c  |g 25 pol H 3 OXF 
924 0 |9 2080  |a (DE-603)791931641  |b DE-2080  |c HES  |d d  |g / 
924 0 |9 4  |a (DE-603)568202562  |b DE-4  |c HES  |d c  |g Wp 2009/0156